Fr. Conceicao Rodrigues College of Engineering

Principles of CMOS VLSI design (Record no. 32495)

MARC details
000 -LEADER
fixed length control field 00356nam a2200157Ia 4500
082 ## - DEWEY DECIMAL CLASSIFICATION NUMBER
Classification number 621.395
Item number WE/ESH
100 ## - MAIN ENTRY--PERSONAL NAME
Personal name Weste/ N.H.E./ Eshraghian K
250 ## - EDITION STATEMENT
Edition statement 2
245 ## - TITLE STATEMENT
Title Principles of CMOS VLSI design
260 ## - PUBLICATION, DISTRIBUTION, ETC.
Name of publisher, distributor, etc. Addison Wesley Pub
Place of publication, distribution, etc. Reading
Date of publication, distribution, etc. 1992
300 ## - PHYSICAL DESCRIPTION
Extent 713
546 ## - LANGUAGE NOTE
Language note ENGLISH
654 ## - SUBJECT ADDED ENTRY--FACETED TOPICAL TERMS
Focus term Computer
942 ## - ADDED ENTRY ELEMENTS (KOHA)
Koha item type BOOK
Holdings
Withdrawn status Lost status Damaged status Not for loan Collection Home library Current library Shelving location Date acquired Total Checkouts Full call number Barcode Date last seen Price effective from Koha item type
        CRC Fr. Agnel's C.Rodrigues College of Engineering Fr. Agnel's C.Rodrigues College of Engineering   17/03/2023   621.395 WE/ESH 9011 17/03/2023 17/03/2023 BOOK